000 00487nam a2200133Ia 4500
005 20260209120138.0
008 260209s9999||||xx |||||||||||||| ||und||
100 _aGarima Rathi
245 0 _aDetermining best interest of the child in custody disputes between parents
260 _aBangaloreBangalore
_bNLSIU
_c2017
300 _a130 p. ; 25 cm.
700 _aProf. (Dr.) Sarasu E Thomas - GuideProf. (Dr.) Sarasu E Thomas - Guide
856 _uhttps://dans.nls.ac.in/handle/123456789/1584
999 _c217303
_d217303